<?xml version="1.0" encoding="UTF-8"?>
<record
    xmlns:xsi="http://www.w3.org/2001/XMLSchema-instance"
    xsi:schemaLocation="http://www.loc.gov/MARC21/slim http://www.loc.gov/standards/marcxml/schema/MARC21slim.xsd"
    xmlns="http://www.loc.gov/MARC21/slim">

  <leader>00882nam a22001337a 4500</leader>
  <datafield tag="040" ind1=" " ind2=" ">
    <subfield code="c">rua</subfield>
  </datafield>
  <datafield tag="082" ind1=" " ind2=" ">
    <subfield code="a"> RUB TIT 2017 B662 Or.1</subfield>
  </datafield>
  <datafield tag="100" ind1=" " ind2=" ">
    <subfield code="a">TITH KUNGKEA &#x1791;&#x17B7;&#x178F;&#x200B; &#x1782;&#x1784;&#x17D2;&#x1782;&#x17B6;&#x179A;</subfield>
  </datafield>
  <datafield tag="245" ind1=" " ind2=" ">
    <subfield code="a">compara tive growth and yield rubber clones gt1,pr 107, pb 324, and rrim 600 at sopheak nika investment group co, ltd   &#x1780;&#x17B6;&#x179A;&#x1794;&#x17D2;&#x179A;&#x17C0;&#x1794;&#x1792;&#x17C0;&#x1794;&#x1780;&#x17B6;&#x179A;&#x179B;&#x17BC;&#x178F;&#x179B;&#x17B6;&#x179F;&#x17CB; &#x1793;&#x17B7;&#x1784;&#x1791;&#x17B7;&#x1793;&#x17D2;&#x1793;&#x1795;&#x179B;&#x1787;&#x17D0;&#x179A;&#x1780;&#x17C5;&#x179F;&#x17CA;&#x17BC;&#x179B;&#x17BE;&#x17E4;&#x1780;&#x17D2;&#x179B;&#x17BC;&#x179B; GT1,PR 107, PB 324, &#x1793;&#x17B7;&#x1784;&#x200B;PRIM 600 &#x1793;&#x17C5;&#x1780;&#x17D2;&#x179A;&#x17BB;&#x1798;&#x17A0;&#x17CA;&#x17BB;&#x1793; &#x179F;&#x17BB;&#x1797;&#x1780;&#x17D2;&#x178F;&#x17B7; &#x1793;&#x17B8;&#x1780;&#x17B6; &#x17A2;&#x17CA;&#x17B7;&#x1793;&#x179C;&#x17C1;&#x179F;&#x1798;&#x17C1;&#x1793; &#x1782;&#x17D2;&#x179A;&#x17BB;&#x1794; &#x1781;&#x17BC;, &#x17A2;&#x17B7;&#x179B;&#x1792;&#x17B8;&#x178C;&#x17B8;                                                    </subfield>
  </datafield>
  <datafield tag="260" ind1=" " ind2=" ">
    <subfield code="a">rua </subfield>
    <subfield code="b">phnom penh</subfield>
  </datafield>
  <datafield tag="300" ind1=" " ind2=" ">
    <subfield code="a">xiv,64p</subfield>
    <subfield code="b">ill,</subfield>
    <subfield code="c">29cm</subfield>
  </datafield>
  <datafield tag="856" ind1=" " ind2=" ">
    <subfield code="u">https://drive.google.com/file/d/1b5_DgOcSM7U7BZ8mVQjpgnaXclrCXMjj/view?usp=sharing</subfield>
  </datafield>
  <datafield tag="942" ind1=" " ind2=" ">
    <subfield code="c">RUB</subfield>
  </datafield>
  <datafield tag="999" ind1=" " ind2=" ">
    <subfield code="c">19113</subfield>
    <subfield code="d">19113</subfield>
  </datafield>
  <datafield tag="952" ind1=" " ind2=" ">
    <subfield code="0">0</subfield>
    <subfield code="1">0</subfield>
    <subfield code="2">ddc</subfield>
    <subfield code="4">0</subfield>
    <subfield code="6">RUB_TIT_2017_000000000000000_B662_OR_1</subfield>
    <subfield code="7">0</subfield>
    <subfield code="9">83926</subfield>
    <subfield code="a">LBB</subfield>
    <subfield code="b">LBB</subfield>
    <subfield code="d">2020-03-11</subfield>
    <subfield code="o">RUB TIT 2017 B662 Or.1</subfield>
    <subfield code="p">A43635</subfield>
    <subfield code="r">2020-03-11</subfield>
    <subfield code="w">2020-03-11</subfield>
    <subfield code="y">RUB</subfield>
  </datafield>
  <datafield tag="952" ind1=" " ind2=" ">
    <subfield code="0">0</subfield>
    <subfield code="1">0</subfield>
    <subfield code="2">ddc</subfield>
    <subfield code="4">0</subfield>
    <subfield code="6">RUB_TIT_2017_000000000000000_B662_OR_2</subfield>
    <subfield code="7">0</subfield>
    <subfield code="9">83927</subfield>
    <subfield code="a">LBB</subfield>
    <subfield code="b">LBB</subfield>
    <subfield code="d">2020-03-11</subfield>
    <subfield code="o">RUB TIT 2017 B662 Or.2</subfield>
    <subfield code="p">A42400</subfield>
    <subfield code="r">2020-03-11</subfield>
    <subfield code="w">2020-03-11</subfield>
    <subfield code="y">RUB</subfield>
  </datafield>
  <datafield tag="952" ind1=" " ind2=" ">
    <subfield code="0">0</subfield>
    <subfield code="1">0</subfield>
    <subfield code="2">ddc</subfield>
    <subfield code="4">0</subfield>
    <subfield code="6">RUB_TIT_2017_000000000000000_B662_OR_3</subfield>
    <subfield code="7">0</subfield>
    <subfield code="9">83928</subfield>
    <subfield code="a">LBB</subfield>
    <subfield code="b">LBB</subfield>
    <subfield code="d">2020-03-11</subfield>
    <subfield code="o">RUB TIT 2017 B662 Or.3</subfield>
    <subfield code="p">A42510</subfield>
    <subfield code="r">2020-03-11</subfield>
    <subfield code="w">2020-03-11</subfield>
    <subfield code="y">RUB</subfield>
  </datafield>
  <datafield tag="952" ind1=" " ind2=" ">
    <subfield code="0">0</subfield>
    <subfield code="1">0</subfield>
    <subfield code="2">ddc</subfield>
    <subfield code="4">0</subfield>
    <subfield code="6">RUB_TIT_2017_000000000000000_B662_OR_4</subfield>
    <subfield code="7">0</subfield>
    <subfield code="9">83929</subfield>
    <subfield code="a">LBB</subfield>
    <subfield code="b">LBB</subfield>
    <subfield code="d">2020-03-11</subfield>
    <subfield code="o">RUB TIT 2017 B662 Or.4</subfield>
    <subfield code="p">A44265</subfield>
    <subfield code="r">2020-03-11</subfield>
    <subfield code="w">2020-03-11</subfield>
    <subfield code="y">RUB</subfield>
  </datafield>
  <datafield tag="952" ind1=" " ind2=" ">
    <subfield code="0">0</subfield>
    <subfield code="1">0</subfield>
    <subfield code="2">ddc</subfield>
    <subfield code="4">0</subfield>
    <subfield code="6">RUB_TIT_2017_000000000000000_B662_OR_5</subfield>
    <subfield code="7">0</subfield>
    <subfield code="9">83930</subfield>
    <subfield code="a">LBB</subfield>
    <subfield code="b">LBB</subfield>
    <subfield code="d">2020-03-11</subfield>
    <subfield code="o">RUB TIT 2017 B662 Or.5</subfield>
    <subfield code="p">A44170</subfield>
    <subfield code="r">2020-03-11</subfield>
    <subfield code="w">2020-03-11</subfield>
    <subfield code="y">RUB</subfield>
  </datafield>
</record>
